<?xml version="1.0" encoding="UTF-8"?>
<record
    xmlns:xsi="http://www.w3.org/2001/XMLSchema-instance"
    xsi:schemaLocation="http://www.loc.gov/MARC21/slim http://www.loc.gov/standards/marcxml/schema/MARC21slim.xsd"
    xmlns="http://www.loc.gov/MARC21/slim">

  <leader>00680    a2200193   4500</leader>
  <controlfield tag="005">20240516104639.0</controlfield>
  <datafield tag="010" ind1=" " ind2=" ">
    <subfield code="a">B-759031</subfield>
  </datafield>
  <datafield tag="020" ind1=" " ind2=" ">
    <subfield code="a">8172082819</subfield>
    <subfield code="c">35.00</subfield>
  </datafield>
  <datafield tag="035" ind1=" " ind2=" ">
    <subfield code="a">B-759031</subfield>
  </datafield>
  <datafield tag="037" ind1=" " ind2=" ">
    <subfield code="b">Gift/Unesco</subfield>
  </datafield>
  <datafield tag="082" ind1=" " ind2=" ">
    <subfield code="a">320.954</subfield>
  </datafield>
  <datafield tag="100" ind1=" " ind2=" ">
    <subfield code="a">Bhargava, Pramila H.</subfield>
    <subfield code="9">66255</subfield>
  </datafield>
  <datafield tag="245" ind1=" " ind2=" ">
    <subfield code="a">A Pioneering Attempt at Child Labour Elimination A Tribute To Sai Baba, The Ultimate Motivator /</subfield>
    <subfield code="c">Pramila H. Bhargava</subfield>
  </datafield>
  <datafield tag="260" ind1=" " ind2=" ">
    <subfield code="a">Anantapur</subfield>
    <subfield code="b">Sri Sathya Sai Books &amp; Publication Trust</subfield>
    <subfield code="c">2000</subfield>
  </datafield>
  <datafield tag="270" ind1=" " ind2=" ">
    <subfield code="a">Prasanthi Nilayam </subfield>
    <subfield code="b">Anantapur</subfield>
    <subfield code="e">515134</subfield>
  </datafield>
  <datafield tag="300" ind1=" " ind2=" ">
    <subfield code="a">211 p.</subfield>
    <subfield code="c">21cm (Hb)</subfield>
  </datafield>
  <datafield tag="942" ind1=" " ind2=" ">
    <subfield code="a">dpl</subfield>
    <subfield code="c">EN</subfield>
    <subfield code="2">ddc</subfield>
    <subfield code="h">331.313</subfield>
    <subfield code="m">BHA</subfield>
  </datafield>
  <datafield tag="999" ind1=" " ind2=" ">
    <subfield code="c">202863</subfield>
    <subfield code="d">202863</subfield>
  </datafield>
  <datafield tag="952" ind1=" " ind2=" ">
    <subfield code="0">0</subfield>
    <subfield code="1">0</subfield>
    <subfield code="4">0</subfield>
    <subfield code="7">0</subfield>
    <subfield code="8">NFIC</subfield>
    <subfield code="a">BL1</subfield>
    <subfield code="b">BL1</subfield>
    <subfield code="d">2024-05-15</subfield>
    <subfield code="e">Gift/10.5.24</subfield>
    <subfield code="g">35.00</subfield>
    <subfield code="l">0</subfield>
    <subfield code="o">331.313 BHA</subfield>
    <subfield code="p">B-759031</subfield>
    <subfield code="r">2024-05-15 00:00:00</subfield>
    <subfield code="t">1</subfield>
    <subfield code="v">35.00</subfield>
    <subfield code="w">2024-05-15</subfield>
    <subfield code="y">EN</subfield>
    <subfield code="z">Gift</subfield>
  </datafield>
</record>
